[Event "CZE-ch Youth B12 2022"]
[Site "Luhacovice"]
[Date "2022.03.19"]
[Round "9.2"]
[White "Kutil, Adam"]
[Black "Delgerdalai, Bayarjavkhlan"]
[Result "0-1"]
[WhiteElo "1544"]
[BlackElo "2074"]
[Annotator "ChessBase"]
[PlyCount "87"]
[EventDate "2022.03.12"]
[EventType "swiss"]
[EventCountry "CZE"]
[SourceTitle "playchess.com"]
[Source "ChessBase"]
[SourceQuality "1"]
[TimeControl "5400+30"]

1. Nf3 {[%emt 0:00:23]} c5 {[%emt 0:00:26]} 2. e4 {[%emt 0:01:26]} d6 {[%emt 0:00:05]} 3. Bb5+ {[%emt 0:00:23]} Bd7 {[%emt 0:00:01]} 4. Bxd7+ {[%emt 0:00:07]} Nxd7 {[%emt 0:00:07]} 5. c4 {[%emt 0:01:17]} Ngf6 {[%emt 0:01:29]} 6. Nc3 {[%emt 0:00:39]} g6 {[%emt 0:01:32]} 7. d4 {[%emt 0:01:35]} cxd4 {[%emt 0:00:08]} 8. Nxd4 {[%emt 0:00:05]} Rc8 {[%emt 0:01:07]} 9. b3 {[%emt 0:03:55]} a6 {[%emt 0:01:43]} 10. O-O {[%emt 0:06:18]} e6 {[%emt 0:02:57]} 11. Nde2 {[%emt 0:08:05]} Qc7 {[%emt 0:04:14]} 12. f3 {[%emt 0:04:28]} Bg7 {[%emt 0:00:47]} 13. Bf4 {[%emt 0:01:02]} Ne5 {[%emt 0:01:07]} 14. Qd2 {[%emt 0:04:07]} O-O {[%emt 0:01:48]} 15. Bh6 {[%emt 0:02:28]} Rfd8 {[%emt 0:03:47]} 16. Bxg7 {[%emt 0:00:37]} Kxg7 {[%emt 0:00:02]} 17. f4 {[%emt 0:03:27]} Neg4 {[%emt 0:07:04]} 18. h3 {[%emt 0:07:12]} Qc5+ {[%emt 0:02:49]} 19. Qd4 {[%emt 0:00:38]} Qxd4+ {[%emt 0:12:31]} 20. Nxd4 {[%emt 0:00:07]} e5 {[%emt 0:06:33]} 21. Nc2 {[%emt 0:09:37]} Nh6 {[%emt 0:00:34]} 22. g4 {[%emt 0:01:17]} Nhg8 {[%emt 0:01:11]} 23. g5 {[%emt 0:02:28]} Nh5 {[%emt 0:01:15]} 24. f5 {[%emt 0:01:42]} f6 {[%emt 0:02:20]} 25. h4 {[%emt 0:02:36]} Nf4 {[%emt 0:04:55]} 26. Kh2 {[%emt 0:11:24]} gxf5 {[%emt 0:11:08]} 27. exf5 {[%emt 0:00:48]} d5 {[%emt 0:02:09]} 28. Rxf4 {[%emt 0:05:11]} exf4 {[%emt 0:01:14]} 29. Nd4 {[%emt 0:00:10]} Kf7 {[%emt 0:06:33]} 30. Ne6 {[%emt 0:03:06]} Rd6 {[%emt 0:03:12]} 31. Nxd5 {[%emt 0:01:54]} b5 {[%emt 0:05:53]} 32. Ndxf4 {[%emt 0:03:03]} Ne7 {[%emt 0:01:53]} 33. gxf6 {[%emt 0:05:17]} Nxf5 {[%emt 0:01:35]} 34. Ng5+ {[%emt 0:00:33]} Kxf6 {[%emt 0:00:41]} 35. Ne4+ {[%emt 0:00:16]} Ke5 {[%emt 0:00:22]} 36. Nxd6 {[%emt 0:00:25]} Nxd6 {[%emt 0:00:50]} 37. Nd3+ {[%emt 0:01:50]} Ke4 {[%emt 0:00:39]} 38. c5 {[%emt 0:01:25]} Nf5 {[%emt 0:01:48]} 39. Nb4 {[%emt 0:01:05]} Rxc5 {[%emt 0:03:15]} 40. Nxa6 {[%emt 0:00:31]} Rc2+ {[%emt 0:00:55]} 41. Kh3 {[%emt 0:00:30]} Rc3+ {[%emt 0:00:24]} 42. Kg4 {[%emt 0:02:33]} Rg3+ {[%emt 0:00:06]} 43. Kh5 {[%emt 0:00:11]} Rg6 {[%emt 0:00:20]} 44. Re1+ {[%emt 0:02:01]} 0-1

[Event "CZE-ch Youth B12 2022"]
[Site "Luhacovice"]
[Date "2022.03.19"]
[Round "9.3"]
[White "Mikulka, Martin Michael"]
[Black "Stary, Vojtech"]
[Result "1-0"]
[WhiteElo "1406"]
[BlackElo "1640"]
[Annotator "NA"]
[PlyCount "89"]
[EventDate "2022.03.12"]
[EventType "swiss"]
[EventCountry "CZE"]
[SourceTitle "playchess.com"]
[Source "ChessBase"]
[SourceQuality "1"]
[TimeControl "5400+30"]

1. e4 {[%emt 0:00:04]} c5 {[%emt 0:00:07]} 2. Nf3 {[%emt 0:00:04]} d6 {[%emt 0:00:08]} 3. d4 {[%emt 0:00:05]} cxd4 {[%emt 0:00:05]} 4. Nxd4 {[%emt 0:00:07]} Nf6 {[%emt 0:00:09]} 5. Nc3 {[%emt 0:00:18]} g6 {[%emt 0:00:08]} 6. Be3 {[%emt 0:00:16]} Bg7 {[%emt 0:00:08]} 7. f3 {[%emt 0:00:08]} Nc6 {[%emt 0:00:09]} 8. Qd2 {[%emt 0:00:06]} O-O {[%emt 0:00:12]} 9. O-O-O {[%emt 0:00:06]} Nxd4 {[%emt 0:00:31]} 10. Bxd4 {[%emt 0:00:10]} Be6 {[%emt 0:00:15]} 11. g4 {[%emt 0:00:51]} Qa5 {[%emt 0:00:13]} 12. Kb1 {[%emt 0:00:28]} Rfc8 {[%emt 0:00:24]} 13. Nd5 {[%emt 0:02:20]} Qxd2 {[%emt 0:00:23]} 14. Nxf6+ {[%emt 0:00:15]} Bxf6 {[%emt 0:00:10]} 15. Rxd2 {[%emt 0:00:07]} Bxd4 {[%emt 0:00:22]} 16. Rxd4 {[%emt 0:00:08]} Rc5 {[%emt 0:01:19]} 17. h4 {[%emt 0:02:06]} Rac8 {[%emt 0:01:22]} 18. Rh2 {[%emt 0:01:28]} Bc4 {[%emt 0:00:31]} 19. Bxc4 {[%emt 0:00:17]} Rxc4 {[%emt 0:00:07]} 20. Rhd2 {[%emt 0:01:17]} Rxd4 {[%emt 0:04:09]} 21. Rxd4 {[%emt 0:00:16]} Rc5 {[%emt 0:01:37]} 22. c3 {[%emt 0:06:05]} Kg7 {[%emt 0:00:34]} 23. Kc2 {[%emt 0:00:10]} Kf6 {[%emt 0:01:23]} 24. Kd3 {[%emt 0:00:36]} Ke5 {[%emt 0:02:44]} 25. Ke3 {[%emt 0:00:47]} f5 {[%emt 0:05:39]} 26. exf5 {[%emt 0:03:12]} gxf5 {[%emt 0:01:40]} 27. g5 {[%emt 0:00:40]} Rc6 {[%emt 0:11:39]} 28. h5 {[%emt 0:02:31]} Rb6 {[%emt 0:01:21]} 29. h6 {[%emt 0:06:25]} Rc6 {[%emt 0:08:56]} 30. Ra4 {[%emt 0:02:55]} a6 {[%emt 0:01:03]} 31. Rb4 {[%emt 0:00:24]} Rc7 {[%emt 0:05:24]} 32. a4 {[%emt 0:08:48]} Kd5 {[%emt 0:06:55]} 33. Kf4 {[%emt 0:01:49]} e6 {[%emt 0:01:47]} 34. Rd4+ {[%emt 0:00:20]} Kc5 {[%emt 0:03:10]} 35. b4+ {[%emt 0:00:05]} Kb6 {[%emt 0:00:50]} 36. Rxd6+ {[%emt 0:00:06]} Ka7 {[%emt 0:00:13]} 37. Rxe6 {[%emt 0:01:16]} Rxc3 {[%emt 0:01:21]} 38. g6 {[%emt 0:03:23]} hxg6 {[%emt 0:00:40]} 39. h7 {[%emt 0:00:05]} Rc8 {[%emt 0:00:16]} 40. Rxg6 {[%emt 0:00:08]} Rh8 {[%emt 0:00:13]} 41. Rh6 {[%emt 0:00:11]} b5 {[%emt 0:00:31]} 42. a5 {[%emt 0:00:12]} Kb7 {[%emt 0:00:51]} 43. Kxf5 {[%emt 0:00:10]} Kc7 {[%emt 0:03:00]} 44. Kg6 {[%emt 0:00:23]} Kd7 {[%emt 0:01:36]} 45. Kg7 {[%emt 0:00:13]} 1-0

[Event "CZE-ch Youth B12 2022"]
[Site "Luhacovice"]
[Date "2022.03.19"]
[Round "9.4"]
[White "Mik, Tomas"]
[Black "Martirosyan, David"]
[Result "0-1"]
[WhiteElo "1643"]
[BlackElo "1725"]
[Annotator "NA"]
[PlyCount "80"]
[EventDate "2022.03.12"]
[EventType "swiss"]
[EventCountry "CZE"]
[SourceTitle "playchess.com"]
[Source "ChessBase"]
[SourceQuality "1"]
[TimeControl "5400+30"]

1. Nc3 {[%emt 0:00:05]} e5 {[%emt 0:01:06]} 2. Nf3 {[%emt 0:00:14]} Nc6 {[%emt 0:03:20]} 3. e4 {[%emt 0:00:18]} Bc5 {[%emt 0:03:59]} 4. Bb5 {[%emt 0:01:44]} Nf6 {[%emt 0:01:40]} 5. Nxe5 {[%emt 0:00:20]} Nxe5 {[%emt 0:03:38]} 6. d4 {[%emt 0:00:24]} Bd6 {[%emt 0:02:11]} 7. f4 {[%emt 0:00:23]} Nc6 {[%emt 0:03:47]} 8. e5 {[%emt 0:00:28]} Be7 {[%emt 0:00:04]} 9. exf6 {[%emt 0:01:17]} Bxf6 {[%emt 0:00:37]} 10. Be3 {[%emt 0:01:42]} O-O {[%emt 0:04:53]} 11. Qd2 {[%emt 0:01:46]} d5 {[%emt 0:05:41]} 12. O-O-O {[%emt 0:01:13]} a6 {[%emt 0:04:20]} 13. Be2 {[%emt 0:02:39]} b5 {[%emt 0:04:25]} 14. g4 {[%emt 0:01:53]} Re8 {[%emt 0:02:16]} 15. Bf3 {[%emt 0:04:21]} Na5 {[%emt 0:09:59]} 16. Bxd5 {[%emt 0:02:31]} c6 {[%emt 0:00:25]} 17. Bb3 {[%emt 0:00:46]} Bxg4 {[%emt 0:00:36]} 18. Rdf1 {[%emt 0:02:02]} Nxb3+ {[%emt 0:03:14]} 19. axb3 {[%emt 0:00:38]} Bf5 {[%emt 0:00:10]} 20. h3 {[%emt 0:18:36]} Qd7 {[%emt 0:03:35]} 21. h4 {[%emt 0:00:50]} Rad8 {[%emt 0:02:11]} 22. Rd1 {[%emt 0:01:06]} Re6 {[%emt 0:02:15]} 23. h5 {[%emt 0:03:06]} h6 {[%emt 0:01:05]} 24. Qf2 {[%emt 0:01:00]} Rd6 {[%emt 0:08:03]} 25. Ne2 {[%emt 0:02:42]} c5 {[%emt 0:04:43]} 26. d5 {[%emt 0:05:36]} Rxd5 {[%emt 0:01:38]} 27. Rxd5 {[%emt 0:00:39]} Qxd5 {[%emt 0:00:07]} 28. Rg1 {[%emt 0:00:33]} c4 {[%emt 0:05:06]} 29. b4 {[%emt 0:05:02]} Rd7 {[%emt 0:05:17]} 30. Nc3 {[%emt 0:02:14]} Qd6 {[%emt 0:03:40]} 31. Bc5 {[%emt 0:00:40]} Qc6 {[%emt 0:01:08]} 32. Ne2 {[%emt 0:03:14]} Rd5 {[%emt 0:02:20]} 33. Nd4 {[%emt 0:01:28]} Qd7 {[%emt 0:00:42]} 34. c3 {[%emt 0:00:52]} Bg4 {[%emt 0:01:13]} 35. Qh2 {[%emt 0:04:14]} Rxh5 {[%emt 0:01:16]} 36. Qg2 {[%emt 0:01:07]} Bf5 {[%emt 0:00:49]} 37. Nc6 {[%emt 0:01:49]} Bg6 {[%emt 0:01:03]} 38. Bd4 {[%emt 0:00:55]} Qf5 {[%emt 0:02:17]} 39. Bxf6 {[%emt 0:03:32]} Qxf4+ {[%emt 0:00:23]} 40. Kd1 {[%emt 0:00:56]} Qxf6 {[%emt 0:00:13]} 0-1

[Event "CZE-ch Youth B12 2022"]
[Site "Luhacovice"]
[Date "2022.03.19"]
[Round "9.5"]
[White "Soucek, Andrej"]
[Black "Roubal, Matyas"]
[Result "0-1"]
[WhiteElo "1399"]
[BlackElo "1870"]
[Annotator "NA"]
[PlyCount "82"]
[EventDate "2022.03.12"]
[EventType "swiss"]
[EventCountry "CZE"]
[SourceTitle "playchess.com"]
[Source "ChessBase"]
[SourceQuality "1"]
[TimeControl "5400+30"]

1. e4 {[%emt 0:00:03]} c5 {[%emt 0:00:10]} 2. Nf3 {[%emt 0:00:17]} Nc6 {[%emt 0:00:07]} 3. Bb5 {[%emt 0:00:06]} e5 {[%emt 0:01:38]} 4. O-O {[%emt 0:02:02]} Nge7 {[%emt 0:01:09]} 5. Nc3 {[%emt 0:01:01]} d6 {[%emt 0:03:13]} 6. h3 {[%emt 0:01:35]} a6 {[%emt 0:00:30]} 7. Be2 {[%emt 0:01:36]} b5 {[%emt 0:05:21]} 8. d3 {[%emt 0:04:09]} Ng6 {[%emt 0:10:02]} 9. Nh2 {[%emt 0:08:31]} (9. a4 $14 {is more appropriate.}) 9... Be7 {[%emt 0:03:06]} 10. Bg4 {[%emt 0:07:18]} Bb7 {[%emt 0:07:02]} 11. Bf5 {[%emt 0:03:51]} O-O {[%emt 0:02:33]} 12. Ng4 {[%emt 0:01:36]} Nh4 {[%emt 0:02:20]} 13. Ne3 {[%emt 0:00:48]} Nxf5 {[%emt 0:05:52]} 14. Nxf5 {[%emt 0:01:15]} Nd4 {[%emt 0:04:24]} 15. Ne3 {[%emt 0:12:37]} f5 {[%emt 0:02:10]} 16. Ned5 {[%emt 0:11:37]} f4 {[%emt 0:02:23]} 17. Nxe7+ {[%emt 0:00:56]} Qxe7 {[%emt 0:00:05]} 18. f3 $17 {[%emt 0:00:27]} Qg5 {[%emt 0:03:19]} 19. Kh1 {[%emt 0:04:15]} Rf6 {[%emt 0:00:37]} 20. Qd2 {[%emt 0:01:50]} Rh6 {[%emt 0:00:28]} 21. Qf2 {[%emt 0:01:05]} Bc8 {[%emt 0:00:07]} 22. Kh2 {[%emt 0:00:06]} Bd7 {[%emt 0:04:20]} 23. Ne2 {[%emt 0:06:51]} Nxe2 {[%emt 0:00:16]} 24. Qxe2 {[%emt 0:00:05]} Qg3+ {[%emt 0:00:02]} 25. Kg1 {[%emt 0:00:36]} Rxh3 {[%emt 0:00:26]} 26. c3 {[%emt 0:02:42]} Rf8 {[%emt 0:04:48]} 27. Qe1 {[%emt 0:03:12]} Qg5 {[%emt 0:00:49]} 28. d4 {[%emt 0:01:27]} Rg3 {[%emt 0:01:20]} 29. Qd2 {[%emt 0:00:27]} Bh3 {[%emt 0:06:16]} 30. Rf2 {[%emt 0:00:51]} Rf6 {[%emt 0:01:16]} 31. dxc5 {[%emt 0:00:00]} dxc5 {[%emt 0:01:54]} 32. Qd5+ {[%emt 0:01:04]} Kf8 {[%emt 0:00:09]} 33. Qxc5+ {[%emt 0:00:25]} Kf7 {[%emt 0:00:13]} 34. Qd5+ {[%emt 0:00:08]} Kg6 {[%emt 0:01:01]} 35. Qd2 {[%emt 0:00:33]} Kh6 {[%emt 0:00:22]} 36. Kf1 {[%emt 0:00:19]} Rxg2 {[%emt 0:01:17]} 37. Ke1 {[%emt 0:03:00]} Qg3 {[%emt 0:00:42]} 38. Qe2 {[%emt 0:01:36]} Rd6 {[%emt 0:00:33]} 39. Bxf4+ {[%emt 0:03:21]} exf4 {[%emt 0:00:08]} 40. e5 {[%emt 0:00:24]} Rg1+ {[%emt 0:00:09]} 41. Qf1 {[%emt 0:00:20]} Rxf1+ {[%emt 0:00:05]} 0-1

[Event "CZE-ch Youth B12 2022"]
[Site "Luhacovice"]
[Date "2022.03.19"]
[Round "9.6"]
[White "Krautschneider, Daniel Jan"]
[Black "Kroulik, Vaclav"]
[Result "0-1"]
[WhiteElo "1304"]
[BlackElo "1645"]
[Annotator "NA"]
[PlyCount "70"]
[EventDate "2022.03.12"]
[EventType "swiss"]
[EventCountry "CZE"]
[SourceTitle "playchess.com"]
[Source "ChessBase"]
[SourceQuality "1"]
[TimeControl "5400+30"]

1. e4 {[%emt 0:00:03]} c5 {[%emt 0:00:05]} 2. c3 {[%emt 0:00:07]} Nf6 {[%emt 0:00:18]} 3. e5 {[%emt 0:00:19]} Nd5 {[%emt 0:00:06]} 4. Nf3 {[%emt 0:00:07]} Nc6 {[%emt 0:00:19]} 5. d4 {[%emt 0:00:05]} cxd4 {[%emt 0:00:06]} 6. cxd4 {[%emt 0:00:00]} e6 {[%emt 0:00:00]} 7. Nc3 {[%emt 0:02:02]} Nxc3 {[%emt 0:02:00]} 8. bxc3 {[%emt 0:00:10]} d5 {[%emt 0:00:18]} 9. Bd3 {[%emt 0:01:18]} Bd7 {[%emt 0:00:47]} 10. Rb1 {[%emt 0:01:02]} Qc7 {[%emt 0:00:54]} 11. Bd2 {[%emt 0:00:38]} Be7 {[%emt 0:00:40]} 12. Qc2 {[%emt 0:01:05]} Rc8 {[%emt 0:06:46]} 13. Bxh7 {[%emt 0:03:18]} Nb4 {[%emt 0:03:22]} 14. Qb2 {[%emt 0:12:22]} Rxh7 {[%emt 0:04:43]} 15. cxb4 {[%emt 0:00:10]} Bb5 {[%emt 0:02:42]} 16. Rc1 {[%emt 0:07:54]} Bc4 {[%emt 0:00:51]} 17. Qc2 {[%emt 0:09:09]} Rh8 {[%emt 0:01:32]} 18. a3 {[%emt 0:07:23]} Kd7 {[%emt 0:03:21]} 19. Be3 {[%emt 0:01:44]} Qb6 {[%emt 0:05:29]} 20. Kd2 {[%emt 0:02:53]} Qb5 {[%emt 0:04:31]} 21. Qb1 {[%emt 0:07:58]} a5 {[%emt 0:02:33]} 22. Qb2 {[%emt 0:21:44]} axb4 {[%emt 0:01:27]} 23. Ne1 {[%emt 0:04:00]} Qa5 {[%emt 0:01:57]} 24. Kd1 {[%emt 0:04:43]} bxa3 {[%emt 0:01:57]} 25. Qa1 {[%emt 0:03:48]} b5 {[%emt 0:03:24]} 26. Nc2 {[%emt 0:00:35]} b4 {[%emt 0:00:16]} 27. Bd2 {[%emt 0:00:11]} Bb3 {[%emt 0:01:41]} 28. Qb1 {[%emt 0:01:17]} Bxc2+ {[%emt 0:00:28]} 29. Rxc2 {[%emt 0:00:19]} Rxc2 {[%emt 0:00:15]} 30. Kxc2 {[%emt 0:00:32]} Qa4+ {[%emt 0:01:15]} 31. Kd3 {[%emt 0:00:14]} b3 {[%emt 0:00:47]} 32. Rc1 {[%emt 0:00:22]} b2 {[%emt 0:01:41]} 33. Rc3 {[%emt 0:00:31]} Qb5+ {[%emt 0:00:53]} 34. Kc2 {[%emt 0:00:20]} Rb8 {[%emt 0:00:22]} 35. Rxa3 {[%emt 0:00:42]} Bxa3 {[%emt 0:00:09]} 0-1

[Event "CZE-ch Youth B12 2022"]
[Site "Luhacovice"]
[Date "2022.03.19"]
[Round "9.7"]
[White "Topencik, Bruno"]
[Black "Chon, Jeremy"]
[Result "1/2-1/2"]
[WhiteElo "1339"]
[BlackElo "1455"]
[Annotator "NA"]
[PlyCount "64"]
[EventDate "2022.03.12"]
[EventType "swiss"]
[EventCountry "CZE"]
[SourceTitle "playchess.com"]
[Source "ChessBase"]
[SourceQuality "1"]
[TimeControl "5400+30"]

1. d4 {[%emt 0:00:03]} d5 {[%emt 0:00:01]} 2. c4 {[%emt 0:00:10]} e6 {[%emt 0:00:01]} 3. Nc3 {[%emt 0:00:13]} f5 {[%emt 0:00:02]} 4. Bf4 {[%emt 0:01:32]} Bd6 {[%emt 0:01:11]} 5. Bxd6 {[%emt 0:01:08]} Qxd6 {[%emt 0:00:14]} 6. e3 {[%emt 0:01:30]} Nf6 {[%emt 0:01:36]} 7. Nf3 {[%emt 0:04:22]} c6 {[%emt 0:05:34]} 8. c5 {[%emt 0:03:11]} Qe7 {[%emt 0:01:24]} 9. Ne5 {[%emt 0:00:41]} Nbd7 {[%emt 0:03:30]} 10. f4 {[%emt 0:02:47]} O-O {[%emt 0:02:47]} 11. Bd3 {[%emt 0:03:51]} Ne4 {[%emt 0:03:42]} 12. Bxe4 {[%emt 0:06:40]} fxe4 {[%emt 0:00:06]} 13. O-O {[%emt 0:01:30]} Rf6 {[%emt 0:07:53]} 14. Qe2 {[%emt 0:04:19]} Qe8 {[%emt 0:14:37]} 15. b4 {[%emt 0:03:06]} Rh6 {[%emt 0:11:27]} 16. Nxd7 {[%emt 0:07:43]} Bxd7 {[%emt 0:00:20]} 17. Nd1 {[%emt 0:02:15]} Qd8 {[%emt 0:03:47]} 18. Nf2 {[%emt 0:06:44]} Qh4 {[%emt 0:16:31]} 19. Ng4 {[%emt 0:01:32]} Rh5 {[%emt 0:03:56]} 20. g3 {[%emt 0:01:15]} Qh3 {[%emt 0:00:54]} 21. Ne5 {[%emt 0:01:41]} Be8 {[%emt 0:02:17]} 22. Qg2 {[%emt 0:01:32]} Qxg2+ {[%emt 0:02:45]} 23. Kxg2 {[%emt 0:00:17]} Rf5 {[%emt 0:01:24]} 24. Rfb1 {[%emt 0:03:34]} Rf8 {[%emt 0:02:03]} 25. a4 {[%emt 0:01:17]} a6 {[%emt 0:01:05]} 26. a5 {[%emt 0:01:58]} Rc8 {[%emt 0:00:52]} 27. Rg1 {[%emt 0:01:06]} Rc7 {[%emt 0:00:39]} 28. Raf1 {[%emt 0:00:34]} g6 {[%emt 0:01:26]} 29. g4 {[%emt 0:02:10]} Rg7 {[%emt 0:00:54]} 30. h4 {[%emt 0:01:07]} h6 {[%emt 0:01:08]} 31. Kh2 {[%emt 0:05:39]} Kh7 {[%emt 0:03:55]} 32. g5 {[%emt 0:00:31]} h5 {[%emt 0:00:26]} 1/2-1/2

[Event "CZE-ch Youth B12 2022"]
[Site "Luhacovice"]
[Date "2022.03.19"]
[Round "9.8"]
[White "Letal, Hynek"]
[Black "Kozdon, Marek"]
[Result "1-0"]
[WhiteElo "1371"]
[BlackElo "1183"]
[Annotator "NA"]
[PlyCount "149"]
[EventDate "2022.03.12"]
[EventType "swiss"]
[EventCountry "CZE"]
[SourceTitle "playchess.com"]
[Source "ChessBase"]
[SourceQuality "1"]
[TimeControl "5400+30"]

1. e4 {[%emt 0:00:03]} c5 {[%emt 0:00:06]} 2. Nf3 {[%emt 0:00:13]} e6 {[%emt 0:00:12]} 3. g3 {[%emt 0:00:24]} a6 {[%emt 0:05:04]} 4. Bg2 {[%emt 0:00:50]} Qc7 {[%emt 0:02:38]} 5. O-O {[%emt 0:00:55]} d6 {[%emt 0:01:42]} 6. c3 {[%emt 0:01:20]} Nf6 {[%emt 0:03:53]} 7. Re1 {[%emt 0:02:29]} b5 {[%emt 0:03:40]} 8. d4 {[%emt 0:03:23]} cxd4 {[%emt 0:02:40]} 9. cxd4 {[%emt 0:01:22]} Bb7 {[%emt 0:01:42]} 10. a3 {[%emt 0:04:06]} Nxe4 {[%emt 0:01:14]} 11. Qd3 {[%emt 0:07:04]} Nf6 {[%emt 0:01:21]} 12. Nc3 {[%emt 0:02:16]} Nbd7 {[%emt 0:01:01]} 13. Bf4 {[%emt 0:04:03]} Rc8 {[%emt 0:02:54]} 14. Rac1 {[%emt 0:03:20]} Qc4 {[%emt 0:00:38]} 15. Qd2 {[%emt 0:06:18]} Qb3 {[%emt 0:07:21]} 16. Qe2 {[%emt 0:08:53]} Be7 {[%emt 0:02:02]} 17. Bh3 {[%emt 0:12:16]} Qc4 {[%emt 0:04:26]} 18. Qe3 {[%emt 0:02:54]} Qb3 {[%emt 0:00:53]} 19. Re2 {[%emt 0:01:30]} O-O {[%emt 0:01:18]} 20. Bg2 {[%emt 0:04:13]} Nd5 {[%emt 0:03:01]} 21. Nxd5 {[%emt 0:02:31]} Bxd5 {[%emt 0:00:48]} 22. Rxc8 {[%emt 0:01:00]} Rxc8 {[%emt 0:00:15]} 23. Qxb3 {[%emt 0:00:39]} Bxb3 {[%emt 0:00:06]} 24. Re3 {[%emt 0:01:54]} Bd5 {[%emt 0:00:34]} 25. Bh3 {[%emt 0:02:39]} Rc2 {[%emt 0:01:14]} 26. b4 {[%emt 0:01:42]} Nb6 {[%emt 0:01:11]} 27. Ne1 {[%emt 0:02:06]} Rc1 {[%emt 0:00:33]} 28. Bf1 {[%emt 0:01:30]} Ra1 {[%emt 0:00:56]} 29. Nc2 {[%emt 0:01:15]} Ra2 {[%emt 0:01:18]} 30. Rc3 {[%emt 0:01:45]} Bc4 {[%emt 0:02:00]} 31. Bxc4 {[%emt 0:00:51]} Nxc4 {[%emt 0:00:36]} 32. Kf1 {[%emt 0:00:44]} g5 {[%emt 0:01:20]} 33. Bc1 {[%emt 0:01:09]} Bf6 {[%emt 0:00:34]} 34. Ke1 {[%emt 0:01:31]} Kg7 {[%emt 0:01:09]} 35. Kd1 {[%emt 0:01:23]} Kg6 {[%emt 0:00:52]} 36. Be3 {[%emt 0:02:15]} d5 {[%emt 0:00:39]} 37. Kc1 {[%emt 0:00:48]} Rb2 {[%emt 0:01:34]} 38. Rxc4 {[%emt 0:00:28]} dxc4 {[%emt 0:00:43]} 39. Kxb2 {[%emt 0:00:07]} Kf5 {[%emt 0:00:16]} 40. Kc3 {[%emt 0:00:16]} Kg4 {[%emt 0:00:32]} 41. Ne1 {[%emt 0:00:25]} Kh3 {[%emt 0:00:20]} 42. a4 {[%emt 0:00:46]} g4 {[%emt 0:00:19]} 43. axb5 {[%emt 0:00:26]} axb5 {[%emt 0:00:07]} 44. Nc2 {[%emt 0:00:07]} h5 {[%emt 0:00:25]} 45. Na3 {[%emt 0:00:16]} Kxh2 {[%emt 0:00:16]} 46. Bf4 {[%emt 0:00:38]} Kg2 {[%emt 0:00:21]} 47. Nxb5 {[%emt 0:00:38]} Kxf2 {[%emt 0:00:46]} 48. Nd6 {[%emt 0:00:21]} Kf3 {[%emt 0:00:28]} 49. b5 {[%emt 0:01:10]} Bd8 {[%emt 0:00:58]} 50. Nxf7 {[%emt 0:00:37]} Bb6 {[%emt 0:00:39]} 51. Kxc4 {[%emt 0:00:46]} h4 {[%emt 0:01:02]} 52. Ne5+ {[%emt 0:00:18]} Ke4 {[%emt 0:00:20]} 53. Nxg4 {[%emt 0:01:17]} hxg3 {[%emt 0:00:30]} 54. Bxg3 {[%emt 0:00:14]} Kf3 {[%emt 0:00:24]} 55. Bd6 {[%emt 0:00:38]} Kxg4 {[%emt 0:00:37]} 56. Bc5 {[%emt 0:00:21]} Bc7 {[%emt 0:00:17]} 57. b6 {[%emt 0:00:30]} Bb8 {[%emt 0:00:39]} 58. Kb5 {[%emt 0:00:18]} Kf5 {[%emt 0:00:28]} 59. Kc6 {[%emt 0:00:23]} e5 {[%emt 0:00:18]} 60. Bd6 {[%emt 0:01:39]} exd4 {[%emt 0:00:35]} 61. Bxb8 {[%emt 0:00:13]} d3 {[%emt 0:00:04]} 62. Bf4 {[%emt 0:00:11]} Kxf4 {[%emt 0:01:19]} 63. b7 {[%emt 0:00:07]} d2 {[%emt 0:00:05]} 64. b8=Q+ {[%emt 0:00:09]} Ke3 {[%emt 0:00:12]} 65. Qe5+ {[%emt 0:00:37]} Kd3 {[%emt 0:00:15]} 66. Qd5+ {[%emt 0:00:28]} Kc2 {[%emt 0:00:31]} 67. Qc4+ {[%emt 0:00:29]} Kb2 {[%emt 0:00:26]} 68. Qf1 {[%emt 0:00:30]} Kc2 {[%emt 0:00:14]} 69. Qe2 {[%emt 0:00:19]} Kc1 {[%emt 0:00:09]} 70. Qc4+ {[%emt 0:00:54]} Kb2 {[%emt 0:00:12]} 71. Qd3 {[%emt 0:00:15]} Kc1 {[%emt 0:00:07]} 72. Qc3+ {[%emt 0:00:05]} Kd1 {[%emt 0:00:08]} 73. Kc5 {[%emt 0:00:08]} Ke2 {[%emt 0:00:15]} 74. Qc4+ {[%emt 0:00:22]} Kf2 {[%emt 0:00:11]} 75. Qd3 {[%emt 0:00:16]} 1-0

[Event "CZE-ch Youth B12 2022"]
[Site "Luhacovice"]
[Date "2022.03.19"]
[Round "9.9"]
[White "Mydlar, Matej"]
[Black "Tejnor, Martin"]
[Result "1-0"]
[WhiteElo "1554"]
[BlackElo "1367"]
[Annotator "NA"]
[PlyCount "49"]
[EventDate "2022.03.12"]
[EventType "swiss"]
[EventCountry "CZE"]
[SourceTitle "playchess.com"]
[Source "ChessBase"]
[SourceQuality "1"]
[TimeControl "5400+30"]

1. e4 {[%emt 0:00:12]} c5 {[%emt 0:00:02]} 2. Nf3 {[%emt 0:00:17]} d6 {[%emt 0:00:06]} 3. d4 {[%emt 0:00:45]} cxd4 {[%emt 0:00:04]} 4. Nxd4 {[%emt 0:00:48]} Nf6 {[%emt 0:00:07]} 5. Nc3 {[%emt 0:00:09]} a6 {[%emt 0:00:05]} 6. Be2 {[%emt 0:00:50]} b5 {[%emt 0:00:10]} 7. Bf3 {[%emt 0:01:01]} e5 {[%emt 0:00:50]} 8. Nf5 {[%emt 0:01:21]} Nc6 {[%emt 0:00:26]} 9. Bg5 {[%emt 0:04:12]} Ra7 {[%emt 0:00:51]} 10. Qd2 {[%emt 0:04:17]} Bxf5 {[%emt 0:00:28]} 11. exf5 {[%emt 0:00:14]} Nd4 {[%emt 0:00:02]} 12. O-O-O {[%emt 0:05:00]} Rc7 {[%emt 0:00:34]} 13. Bxf6 {[%emt 0:03:51]} gxf6 {[%emt 0:00:27]} 14. Qe3 {[%emt 0:04:15]} Nxf5 {[%emt 0:01:08]} 15. Qb6 {[%emt 0:01:24]} Nd4 {[%emt 0:03:10]} 16. Rxd4 {[%emt 0:01:40]} exd4 {[%emt 0:01:59]} 17. Re1+ {[%emt 0:00:09]} Be7 {[%emt 0:00:14]} 18. Nd5 {[%emt 0:00:35]} Rd7 {[%emt 0:00:47]} 19. Nxf6+ {[%emt 0:00:17]} Kf8 {[%emt 0:00:25]} 20. Nxd7+ {[%emt 0:00:36]} Qxd7 {[%emt 0:00:12]} 21. Qxd4 {[%emt 0:00:31]} Bg5+ {[%emt 0:00:47]} 22. Kb1 {[%emt 0:02:20]} f6 {[%emt 0:01:11]} 23. h4 {[%emt 0:03:43]} Bh6 {[%emt 0:01:11]} 24. Qxf6+ {[%emt 0:00:09]} Kg8 {[%emt 0:00:06]} 25. Bd5+ {[%emt 0:00:31]} 1-0